000 00816nam a2200277 i 4500
001 000009244
003 DO-SdBNP
005 20240412074210.0
007 ta
008 090929s1935 dr 000 p spa d
040 _aDO-SdBNP
_bspa
_cBNPHU
_erda
082 _aRD861.44
_bG526j
_222
100 1 _aGiró, Valentin
_923946
245 1 0 _aJacinto Dionisio Flores :
_b( Fray Luis) /
_cValentin Giró.
246 1 4 _bpoema simbólico
264 1 _aSanto Domingo :
_b[editor no identificado],
_c1935.
300 _a95 páginas
_c25 cm.
336 _2rdacontent
_atexto
_btxt
337 _2rdamedia
_asin mediación
_bn
338 _2rdacarrier
_avolumen
_bnc
590 _aInventariado, 2023/ YL
650 0 _aPoesía dominicana
_966
650 0 _aLiteratura dominicana.
_967
910 _aYLockward
942 _2ddc
_cLBS1
999 _c9007
_d9007